Vista normal Vista MARC

Entrada Materia (personas)

Número de registros utilizados en: 1

001 - CONTROL NUMBER

  • control field: 35632

003 - CONTROL NUMBER IDENTIFIER

  • control field: Co-BoUCM

005 - DATE AND TIME OF LATEST TRANSACTION

  • control field: 20130415093803.0

008 - FIXED-LENGTH DATA ELEMENTS

  • fixed length control field: 130415|| aca||aabn | a|a d

040 ## - CATALOGING SOURCE

  • Original cataloging agency: Co-BoUCM
  • Transcribing agency: Co-BoUCM

100 ## - HEADING--PERSONAL NAME

  • Personal name: Villalpando, Diego de
  • Dates associated with a name: f 15-

670 ## - SOURCE DATA FOUND

  • Source citation: Work cat.: (Co-BoUCM)69250: Villalpando, Diego de f 15-, Solemnis lectura et repetitio legis vigesimae secundae tituli primi septimae partitae, 1574